Interstate Highways in New York State Quiz Stats

Quiz not verified by Sporcle

Challenge
Share
Tweet
Embed
Score 0/33 Timer 05:00
0 Plays Today
Termini or Name Interstate % Correct
PA line to MA lineI-90
97%
Triborough Bridge to Canadian BorderI-87
95.2%
PA line to Canadian borderI-81
92.4%
NJ line at GW Bridge to CT lineI-95
91.2%
Binghamton to SchenectadyI-88
89.1%
PA Line to just west of Horseheads at NY Route 14 and from Binghamton to the Broome-Delaware County lineI-86
87.9%
PA line to CT LineI-84
87.1%
NJ Line/Holland Tunnel to West Side ExpresswayI-78
86.4%
NYS Thruway at Buffalo to South Grand Island BridgeI-290
84.6%
NYS Thruway exit 47 to NYS Thruway exit 45I-490
84.6%
Solvay to DeWitt/East Syracuse/FayettevilleI-690
84.3%
Avoca to RochesterI-390
83.8%
NYS Thruway at Buffalo to the Canadian-New York BorderI-190
82.6%
NJ line to RyeI-287
82.1%
Brighton to RochesterI-590
82.1%
Scotia to NYS Thruway exit 25 at SchenectadyI-890
82.1%
NYS Thruway exit 31 to NY 5A/5S in Downtown UticaI-790
80.8%
Termini or Name Interstate % Correct
NJ line to BrucknerI-278
78%
Tonawanda town line to NY 263 in AmherstI-990
77%
Manhattan to NY 25 near CalvertonI-495
75.5%
NY 25 in Queens to BronxI-295
73.7%
Syracuse city line to North SyracuseI-481
70.5%
Throggs Neck ExpresswayI-695
70.2%
East of White Plains to BrewsterI-684
66.9%
NYS Thruway to MaplewoodI-787
66.7%
NYS Thruway extension to NY 32 in KingstonI-587
65.7%
Watertown to PlattsburghI-98
64.9%
Sheridan ExpresswayI-895
64.9%
PA line at Lindley to NY 17 at Painted PostI-99
61.1%
Bronx to John F. Kennedy Intl. AirportI-678
60.6%
Brooklyn to NY 9A at ManhattanI-478
52%
PA line to I-90 at BuffaloI-67
50.8%
Watertown to Ft. DrumI-781
35.4%

You're not logged in!

Compare scores with friends on all Sporcle quizzes.
Sign Up with Email
OR
Log In

You Might Also Like...

Show Comments

Extras

Top Quizzes Today


Score Distribution

Your Account Isn't Verified!

In order to create a playlist on Sporcle, you need to verify the email address you used during registration. Go to your Sporcle Settings to finish the process.